Missing Word: Apostrophe Words in Songs Quiz Stats

 Plays Quiz Updated Aug 13, 2016

Challenge
Share
Tweet
Embed
Score 0/18 Timer 05:00
0 Plays Today
Song 1 Missing word % Correct
Sweet Child __ Mine
Guns N' Roses 1986
o'
93.5%
___ a Believer
The Monkees 1967
I'm
93.2%
______ on a Prayer
Bon Jovi 1986
Livin'
92.6%
______ Love Got to Do with It
Tina Turner 1984
What's
92.5%
_____ Buy Me Love
The Beatles 1964
Can't
90.8%
______ the Way (I Like It)
KC and the Sunshine Band 1975
That's
89.3%
Nobody Knows You When ______ Down And Out
Eric Clapton 1992
You're
88.9%
_____ Speak
No Doubt 1995
Don't
88.7%
Keep a-________
Little Richard 1958
Knockin'
86.7%
Song 1 Missing word % Correct
_______, _______
Destiny's Child 1999
Jumpin'
79.9%
All My ___ Live in Texas
George Strait 1987
Ex's
75.2%
________ Fault But Mine
Led Zeppelin 1976
Nobody's
70.8%
_____ Electric
Oasis 1995
She's
70.8%
_____ Got No, I Got Life
Nina Simone 1968
Ain't
66.2%
The 59th Street Bridge Song (_______ Groovy)
Simon & Garfunkel 1966
Feelin'
60.4%
____ a Rebel
The Crystals 1962
He's
57%
_______ Down a Dream
Tom Petty and the Heartbreakers 1989
Runnin'
51.5%
All _____ People
Queen 1991
God's
31.6%

Today's Daily Dose

You're not logged in!

Compare scores with friends on all Sporcle quizzes.
Join for Free
OR
Log In

You Might Also Like...

Show Comments

Extras

Top Quizzes Today


Score Distribution

Your Account Isn't Verified!

In order to create a playlist on Sporcle, you need to verify the email address you used during registration. Go to your Sporcle Settings to finish the process.

Report this User

Report this user for behavior that violates our Community Guidelines.

Details: